000 00524nam a2200193Ia 4500
003 OSt
005 20191227105537.0
008 190216s9999||||xx |||||||||||||| ||und||
020 _a8170966388
040 _coclc
082 _a330.09
_bPAU/H
100 _aPaul, R R
_9657
245 0 _aHistory Of Economic Thought /
_c R R Paul
250 _a4th ed.
260 _bKalyani Publishers,
_c1992.
_aNew Delhi:
300 _a628p
650 _aEconomics
942 _cBK
_2ddc
_h330.09
_iPAU/H
_k330.09
_mPAU/H
999 _c9911
_d9911